000 00406cam a2200169ua 4500
020 _cRs 2.00
041 _ahin
_h
082 _a891.43
_bNAG/GI
100 _aNagendra, T .
245 _aGirija Kumar Mathur /
_cT Nagendra.
_hTextual Documents
260 _aNew Delhi :
_bRajpal Rajaji ,
_c1962.
300 _a116 ; .
365 _aRs 2.00
504 _a
942 _cBK
999 _c2530
_d2530